LEADER 01015nam a2200253 i 4500 001 000000147637 003 CaOOAMICUS 005 20151218000000.0 008 151218s1983 it u000 u ita u 013 $a124873 040 $aSeMil$bita 100 1 $aTedeschi, Rubens.$0(OLS)http://semarc/name/58381 245 10$aInvito all'ascolto di Richard Wagner /$cRubens Tedeschi. 260 $aMilano :$bMursia,$c1983. 300 $a226 p. ;$c18 cm. 490 0 $aInvito all'ascolto ;$v2 600 14$aWagner, Richard <1813-1883>.$0(OLS)http://semarc/subject/6643 700 1 $aWagner, Richard,$d<1813-1883>.$0(OLS)http://semarc/name/8764 830 0$aInvito all'ascolto ;$v2.$0(OLS)http://semarc/title/44561 850 $aSeMil 852 $aSeMil$W1$xVenegono$y1$m3Q I 104$j100179$B100179$CSeMilBibl$Z2$F108772 $81 961 $aOmaggio: Colombo don Alberto 996 $6245$aInvito all'ascolto di Richard Wagner$9(OLS)http://semarc/title/215872 996 $6260$aMilano :$bMursia$9(OLS)http://semarc/publisher/30230 LEADER 01259nam a2200289 i 4500 001 000000220881 003 CaOOAMICUS 005 20130606000000.0 008 130606s1992 it u000 u ita u 013 $a199778 040 $aSeMil$bita 100 1 $aBunge, Gabriel.$0(OLS)http://semarc/name/44631 245 10$aAkèdia :$bla dottrina spirituale di Evagrio Pontico sull'accidia /$cGabriel Bunge ; traduzione dal tedesco ; prefazione di Gaetano Benedetti. 260 $aPraglia :$bAbbazia di Praglia,$c1992. 300 $a141 p. ;$c21 cm. 490 0 $aScritti monastici ;$v17 500 $aFondo card. C. M. Martini. 600 04$aEvagrio Pontico.$0(OLS)http://semarc/subject/12685 650 4$aAccidia.$0(OLS)http://semarc/subject/10872 700 1 $aBenedetti, Gaetano.$0(OLS)http://semarc/name/1450 830 0$aScritti monastici ;$v17.$0(OLS)http://semarc/title/11591 850 $aSeMil 852 $aSeMil$W1$xVenegono$y1$m2S II 330$j171235$B171235$CSeMilBibl$Z2$F182482 $81 941 1 $a4 961 $aLascito: Martini Card. Carlo Maria 996 $6245$aAkèdia :$bla dottrina spirituale di Evagrio Pontico sull'accidia$9(OLS)http://semarc/title/316706 996 $6260$aPraglia :$bAbbazia di Praglia$9(OLS)http://semarc/publisher/39817